000 00558nam a2200205Ia 4500
003 GCL
008 140319s9999 xx 000 0 ara d
040 _aGCL /
_cGCL
082 0 4 _a843.03
_bج م
100 1 _aيحيى سعد
245 1 0 _aالمزيفون /
_cيحيى سعد
700 1 _aمصطفى فودة
700 1 _aجيد، اندريه
300 _a406 ص
490 _a
650 0 4 _aالادب الفرنسى المترجم
650 0 4 _aالقصة الفرنسية المترجمة
650 0 4 _aالمجموعات
942 _2ddc
_cBK
999 _c39992
_d39992